000 00635nam a2200241 4500
003 OSt
005 20251211161559.0
008 LD
020 _a0631193367
040 _aLNDL
_cLNDL
041 _aEng
100 _aRobinson , W. peter
_9856122
245 _aLanguage in Social Worlds /
_cRobinson w peter
300 _a368p.
650 _aLanguage in Social Worlds
_9856123
650 _aLanguage and Language
_9856124
650 _aCommmunication
_9856125
650 _aSociolinguistics
_9856126
650 _aHuman behavior
_9856127
700 _aRobinson w peter
_9856128
942 _2CC
_cGB
_n0
999 _c1466270
_d1466270